|
|
|
|
| LEADER |
00000nab a2200000 a 4500 |
| 001 |
vtls000893039 |
| 003 |
SK-MaSNL |
| 005 |
20260506134436.0 |
| 008 |
040720e19950206xo 0 slo |
| 035 |
|
|
|a KE2075
|
| 040 |
|
|
|a KEVKJB
|b slo
|c KEVKJB
|e AACR2
|
| 041 |
0 |
|
|a slo
|
| 044 |
|
|
|a xo
|c SK
|
| 080 |
|
|
|a 943.46
|2 1981
|
| 080 |
|
|
|a 061.25
|2 1981
|
| 100 |
0 |
|
|a duch
|4 aut
|9 873504
|
| 245 |
1 |
0 |
|a Pre záujemcov o históriu
|b V Košiciach vznikol dejepisný spolok
|
| 610 |
|
7 |
|a Dejepisný spolok (Košice, Slovensko)
|2 KEVKJB
|9 267183
|
| 610 |
2 |
7 |
|a Verejná knižnica Jána Bocatia v Košiciach
|2 KEVKJB
|9 29554
|
| 650 |
0 |
7 |
|a vznik
|2 KEVKJB
|9 315833
|
| 650 |
0 |
7 |
|a aktivita spoločenská
|2 KEVKJB
|9 1591581
|
| 650 |
0 |
7 |
|a informácie
|2 KEVKJB
|9 1285
|
| 651 |
|
7 |
|a KE,
|2 KEVKJB
|9 877256
|
| 651 |
|
7 |
|a KE,
|2 KEVKJB
|9 877256
|
| 655 |
|
7 |
|a periodikum
|2 snkbucl
|9 29553
|
| 710 |
2 |
|
|a Dejepisný spolok, Košice
|4 aut
|9 1591175
|
| 773 |
0 |
8 |
|t Košický večer
|g Roč. 6
|g Roč. 28, č.25, 6.2.1995, s. 3
|
| 852 |
|
|
|a ZVYKNI
|b KIS3GCP
|
| 999 |
|
|
|c 3266335
|d 3268265
|